[Event "NOE Landesliga 2019/20"]
[Site "verschiedene"]
[Date "2020.01.26"]
[Round "6"]
[Board "3"]
[White "Morgunov, Marc"]
[Black "Vykydal, Frantisek"]
[Result "1-0"]
[WhiteElo "2345"]
[BlackElo "2039"]
[PlyCount "57"]
[EventDate "2019.09.22"]
[EventType "team"]
[EventRounds "9"]
[EventCountry "AUT"]
[WhiteTeam "ASK Kottingbrunn"]
[BlackTeam "SK Zwettl"]

1. e4 Nf6 2. e5 Nd5 3. d4 d6 4. Nf3 Bg4 5. Be2 e6 6. O-O Be7 7. c4 Nb6 8. Nc3
dxe5 9. Nxe5 Bxe2 10. Qxe2 O-O 11. Rd1 c6 12. Bf4 Bg5 13. Bxg5 Qxg5 14. Ne4 Qe7
15. b3 N8d7 16. Qh5 Nxe5 17. dxe5 Rad8 18. Nd6 f6 19. exf6 Qxf6 20. Ne4 Qf4 21.
Qe2 Qe5 22. g3 h6 23. Qe3 Nd7 24. f4 Qa5 25. Rd6 e5 26. Rad1 exf4 27. gxf4 Nb8
28. Nf6+ Kh8 29. Qd3  1-0

[Event "NOE Landesliga 2019/20"]
[Site "verschiedene"]
[Date "2020.01.26"]
[Round "6"]
[Board "4"]
[White "Mlynek, Petr"]
[Black "Lampl, Gerald"]
[Result "0-1"]
[WhiteElo "2094"]
[BlackElo "2084"]
[PlyCount "82"]
[EventDate "2019.09.22"]
[EventType "team"]
[EventRounds "9"]
[EventCountry "AUT"]
[WhiteTeam "SK Zwettl"]
[BlackTeam "ASK Kottingbrunn"]

1. d4 Nf6 2. c4 e6 3. g3 Bb4+ 4. Bd2 a5 5. Bg2 O-O 6. Nf3 Nc6 7. O-O Re8 8. a3
Bf8 9. Nc3 d5 10. Qb3 Ne4 11. Rad1 a4 12. Qa2 Nxc3 13. Bxc3 Na5 14. Nd2 c6 15.
e4 dxc4 16. Nxc4 Nb3 17. d5 exd5 18. exd5 c5 19. Qb1 Bg4 20. f3 Bd7 21. Rfe1 b5
22. Rxe8 Bxe8 23. Ne5 b4 24. Be1 f6 25. Nc6 Qb6 26. Bf2 bxa3 27. bxa3 Bg6 28.
Qb2 Re8 29. f4 Bd6 30. Qc3 Qa6 31. Re1 Qa8 32. Bf1 Be4 33. Bc4 Qc8 34. Qe3 Kf8
35. Na7 Qh3 36. Bf1 Qd7 37. Nb5 Bb8 38. d6 Qc6 39. Qc3 Bxd6 40. Nxd6 Qxd6 41.
Qc4 Nd2  0-1

[Event "NOE Landesliga 2019/20"]
[Site "verschiedene"]
[Date "2020.02.23"]
[Round "7"]
[Board "1"]
[White "Plat, Vojtech"]
[Black "Froewis, Georg"]
[Result "1-0"]
[WhiteElo "2573"]
[BlackElo "2429"]
[PlyCount "51"]
[EventDate "2019.09.22"]
[EventType "team"]
[EventRounds "9"]
[EventCountry "AUT"]
[WhiteTeam "SK Zwettl"]
[BlackTeam "SGM Voest Krems"]

1. d4 d5 2. Nf3 Nf6 3. e3 e6 4. c4 b6 5. Nbd2 Bb7 6. Bd3 Nbd7 7. O-O Be7 8. Qc2
O-O 9. b3 c5 10. Bb2 Rc8 11. Rad1 b5 12. dxc5 bxc4 13. bxc4 Bxc5 14. Qb1 dxc4
15. Bxc4 Qe7 16. Bd3 h6 17. Nd4 Rb8 18. N4b3 Bd6 19. Nc4 Bxh2+ 20. Kxh2 Ng4+
21. Kg3 f5 22. f3 Qg5 23. fxg4 Qxg4+ 24. Kf2 Bxg2 25. Be2 Qh4+ 26. Kxg2  1-0

[Event "NOE Landesliga 2019/20"]
[Site "verschiedene"]
[Date "2020.02.23"]
[Round "7"]
[Board "2"]
[White "Kuba, Guenter"]
[Black "Janetschek, Karl"]
[Result "1-0"]
[WhiteElo "2338"]
[BlackElo "2222"]
[PlyCount "47"]
[EventDate "2019.09.22"]
[EventType "team"]
[EventRounds "9"]
[EventCountry "AUT"]
[WhiteTeam "SGM Voest Krems"]
[BlackTeam "SK Zwettl"]

1. e4 c5 2. Nf3 e6 3. g3 Nf6 4. Qe2 Be7 5. Bg2 O-O 6. O-O Nc6 7. c3 d5 8. e5
Nd7 9. d4 b6 10. Rd1 a5 11. Bf4 Ba6 12. Qe3 Rc8 13. h4 cxd4 14. cxd4 Nb4 15.
Na3 Re8 16. Bf1 Nb8 17. Bxa6 N8xa6 18. Qe2 Qd7 19. Nb5 Rc2 20. Rd2 Rec8 21. a3
Rc1+ 22. Rxc1 Rxc1+ 23. Kg2 Na2 24. b3  1-0

[Event "NOE Landesliga 2019/20"]
[Site "verschiedene"]
[Date "2020.02.23"]
[Round "7"]
[Board "3"]
[White "Mlynek, Petr"]
[Black "Enoeckl, Philipp"]
[Result "0-1"]
[WhiteElo "2094"]
[BlackElo "2275"]
[PlyCount "102"]
[EventDate "2019.09.22"]
[EventType "team"]
[EventRounds "9"]
[EventCountry "AUT"]
[WhiteTeam "SK Zwettl"]
[BlackTeam "SGM Voest Krems"]

1. d4 Nf6 2. c4 g6 3. g3 Bg7 4. Bg2 O-O 5. Nf3 d6 6. O-O Nc6 7. Nc3 a6 8. Bf4
Rb8 9. Rc1 Bd7 10. d5 Na5 11. b3 c5 12. dxc6 Nxc6 13. Qd2 b5 14. cxb5 axb5 15.
Bh6 b4 16. Nd1 Bxh6 17. Qxh6 Qa5 18. Rc2 Rfc8 19. Ne3 Ne5 20. Rfc1 Nxf3+ 21.
Bxf3 Rxc2 22. Rxc2 Qe5 23. Nc4 Qa1+ 24. Qc1 Qxc1+ 25. Rxc1 Rc8 26. Rd1 Bh3 27.
Rd4 Rc5 28. Ne3 Rc1+ 29. Rd1 Rxd1+ 30. Nxd1 Bf5 31. Ne3 Bb1 32. Nc4 Bxa2 33.
Nd2 d5 34. e3 e5 35. Kf1 e4 36. Bd1 Kf8 37. Ke1 Ke7 38. Be2 Kd6 39. Kd1 d4 40.
exd4 Kd5 41. Kc2 Kxd4 42. Nf1 Nd5 43. Bc4 f5 44. Bxd5 Kxd5 45. Ne3+ Kd4 46. h4
Bxb3+ 47. Kxb3 Kd3 48. g4 f4 49. Ng2 f3 50. Nf4+ Kd2 51. Nd5 Ke1  0-1

[Event "NOE Landesliga 2019/20"]
[Site "verschiedene"]
[Date "2020.02.23"]
[Round "7"]
[Board "4"]
[White "Woeber, Friedrich"]
[Black "Vykydal, Frantisek"]
[Result "1-0"]
[WhiteElo "2126"]
[BlackElo "2039"]
[PlyCount "57"]
[EventDate "2019.09.22"]
[EventType "team"]
[EventRounds "9"]
[EventCountry "AUT"]
[WhiteTeam "SGM Voest Krems"]
[BlackTeam "SK Zwettl"]

1. d4 Nf6 2. Bf4 d6 3. Nc3 g6 4. e4 Bg7 5. Qd2 c6 6. Bh6 O-O 7. h4 e5 8. Bxg7
Kxg7 9. Nf3 Bg4 10. Be2 Nh5 11. Ng1 Bxe2 12. Ngxe2 Kg8 13. O-O-O Qf6 14. g4 Ng7
15. f4 exf4 16. Nxf4 Ne6 17. Ng2 Qf3 18. Ne3 Qf6 19. g5 Qg7 20. Ng4 Nd7 21. d5
Nd8 22. dxc6 Nxc6 23. Qxd6 Nce5 24. Nxe5 Nxe5 25. Nd5 Nc6 26. Nf6+ Kh8 27. h5
Rfd8 28. Qh2 Rxd1+ 29. Kxd1  1-0

[Event "NOE Landesliga 2019/20"]
[Site "verschiedene"]
[Date "2020.02.23"]
[Round "7"]
[Board "1"]
[White "Schmidrathner, Christian"]
[Black "Mostbauer, Florian"]
[Result "1/2-1/2"]
[WhiteElo "2092"]
[BlackElo "2338"]
[PlyCount "26"]
[EventDate "2019.09.22"]
[EventType "team"]
[EventRounds "9"]
[EventCountry "AUT"]
[WhiteTeam "SGM Bisamberg/Korneuburg"]
[BlackTeam "KSV Boehlerwerk"]

1. e4 c6 2. d4 d5 3. e5 Bf5 4. h4 h5 5. Bd3 Bxd3 6. Qxd3 e6 7. Bg5 Qc7 8. Nf3
Nd7 9. O-O Ne7 10. Nbd2 Nf5 11. Rfe1 Be7 12. Bxe7 Nxe7 13. Ng5 Nf5  1/2-1/2

[Event "NOE Landesliga 2019/20"]
[Site "verschiedene"]
[Date "2020.02.23"]
[Round "7"]
[Board "2"]
[White "Hellmayr, Alois"]
[Black "Wetscherek, Gerhard"]
[Result "1-0"]
[WhiteElo "2258"]
[BlackElo "2097"]
[PlyCount "63"]
[EventDate "2019.09.22"]
[EventType "team"]
[EventRounds "9"]
[EventCountry "AUT"]
[WhiteTeam "KSV Boehlerwerk"]
[BlackTeam "SGM Bisamberg/Korneuburg"]

1. Nf3 d6 2. d4 g6 3. e4 Bg7 4. Nbd2 Nf6 5. Bb5+ c6 6. Bd3 Qc7 7. a4 b6 8. O-O
O-O 9. Re1 Bg4 10. h3 Bxf3 11. Nxf3 e5 12. c3 Nbd7 13. dxe5 dxe5 14. Be3 Rad8
15. Qc2 h6 16. Bc4 Rfe8 17. b4 Re7 18. Red1 Nf8 19. Rxd8 Qxd8 20. a5 Qb8 21.
axb6 axb6 22. Ra6 N6d7 23. Qa2 Qc7 24. Ra8 Nb8 25. Nd2 Nfd7 26. Be2 b5 27. Nb3
Re8 28. Ra7 Qd6 29. Nc5 Bf8 30. Nxd7 Nxd7 31. Bc5 Qe6 32. Qxe6  1-0

[Event "NOE Landesliga 2019/20"]
[Site "verschiedene"]
[Date "2020.02.23"]
[Round "7"]
[Board "3"]
[White "Seidler, Dieter"]
[Black "Mostbauer, Maximilian"]
[Result "0-1"]
[WhiteElo "1931"]
[BlackElo "2209"]
[PlyCount "58"]
[EventDate "2019.09.22"]
[EventType "team"]
[EventRounds "9"]
[EventCountry "AUT"]
[WhiteTeam "SGM Bisamberg/Korneuburg"]
[BlackTeam "KSV Boehlerwerk"]

1. d4 e6 2. Nf3 Nf6 3. c4 b6 4. e3 Bb7 5. Bd3 Be7 6. O-O O-O 7. Nc3 d5 8. Qc2
Nbd7 9. cxd5 exd5 10. Bd2 c5 11. Rac1 a6 12. Rfd1 c4 13. Bf5 g6 14. Bh3 b5 15.
Be1 Bd6 16. g3 Qe7 17. Ne2 Ne4 18. Bxd7 Qxd7 19. Nc3 Nxc3 20. Bxc3 Qh3 21. a3
Bc8 22. Ne1 a5 23. Qd2 Bc7 24. Ra1 Re8 25. f3 Ra6 26. Ng2 Qh5 27. Rf1 g5 28.
Rae1 Rh6 29. Bxa5 Qxh2+  0-1

[Event "NOE Landesliga 2019/20"]
[Site "verschiedene"]
[Date "2020.02.23"]
[Round "7"]
[Board "4"]
[White "Heimberger, Reinhard"]
[Black "Benavente, Christian"]
[Result "1/2-1/2"]
[WhiteElo "2241"]
[BlackElo "1978"]
[PlyCount "69"]
[EventDate "2019.09.22"]
[EventType "team"]
[EventRounds "9"]
[EventCountry "AUT"]
[WhiteTeam "KSV Boehlerwerk"]
[BlackTeam "SGM Bisamberg/Korneuburg"]

1. d4 d5 2. Nf3 g6 3. g3 Nf6 4. Bg2 Bg7 5. O-O Ne4 6. c4 c6 7. Bf4 Qb6 8. Qc1
O-O 9. Nc3 Bf5 10. cxd5 Nxc3 11. Qxc3 cxd5 12. Be5 Rc8 13. Qa3 Rc2 14. Bxg7
Kxg7 15. Ne5 Nc6 16. Bxd5 Qxd4 17. Nxc6 bxc6 18. Bf3 e5 19. Qe7 e4 20. e3 Qf6
21. Qxf6+ Kxf6 22. Bg2 Rxb2 23. Rac1 Rc8 24. f3 exf3 25. Bxf3 Ke7 26. a4 c5 27.
Bd5 Be6 28. Bg2 c4 29. Rfd1 c3 30. Be4 Re2 31. Rd3 f5 32. Bb7 Rc4 33. Rdxc3
Rxa4 34. Rc7+ Kf6 35. R7c6  1/2-1/2

[Event "NOE Landesliga 2019/20"]
[Site "verschiedene"]
[Date "2020.02.23"]
[Round "7"]
[Board "1"]
[White "Polak, Tomas"]
[Black "Sandhoefner, Florian"]
[Result "1-0"]
[WhiteElo "2533"]
[BlackElo "2321"]
[PlyCount "63"]
[EventDate "2019.09.22"]
[EventType "team"]
[EventRounds "9"]
[EventCountry "AUT"]
[WhiteTeam "SV Stockerau"]
[BlackTeam "SV Amstetten"]

1. d4 d5 2. c4 c6 3. Nc3 Nf6 4. e3 e6 5. Nf3 Nbd7 6. Qc2 Bd6 7. g4 dxc4 8. Bxc4
e5 9. g5 Nd5 10. Ne4 Bc7 11. Bd2 O-O 12. O-O-O Re8 13. Rhg1 exd4 14. Nxd4 Nf8
15. Ng3 Ba5 16. e4 Bxd2+ 17. Rxd2 Nb6 18. Ne6 Qe7 19. Nf5 Qb4 20. Rd4 Nxe6 21.
Bxe6 Qf8 22. Bxc8 Rexc8 23. e5 Nd5 24. Rh4 g6 25. Nh6+ Kh8 26. Rg3 Qe7 27. f4
Kg7 28. f5 Qxe5 29. Re4 Qd6 30. Qf2 Rf8 31. fxg6 f6 32. Nf5+  1-0

[Event "NOE Landesliga 2019/20"]
[Site "verschiedene"]
[Date "2020.02.23"]
[Round "7"]
[Board "2"]
[White "Rumpl, Erwin"]
[Black "Groetz, Harald"]
[Result "1/2-1/2"]
[WhiteElo "2274"]
[BlackElo "2322"]
[PlyCount "76"]
[EventDate "2019.09.22"]
[EventType "team"]
[EventRounds "9"]
[EventCountry "AUT"]
[WhiteTeam "SV Amstetten"]
[BlackTeam "SV Stockerau"]

1. d4 Nf6 2. c4 g6 3. f3 Bg7 4. e4 d6 5. Ne2 O-O 6. Be3 Nc6 7. Qd2 a6 8. Na3
Rb8 9. g3 Re8 10. Bg2 e5 11. d5 Ne7 12. O-O Nd7 13. Rac1 f5 14. b4 b6 15. Nc2
Nf6 16. Bg5 Kh8 17. Ne3 Rf8 18. exf5 gxf5 19. f4 e4 20. Nd4 Qe8 21. b5 a5 22.
a4 Bd7 23. Nc6 Bxc6 24. bxc6 Qh5 25. Qd1 Qxd1 26. Rfxd1 Rbe8 27. Bf1 Nfg8 28.
Be2 h6 29. Bxe7 Rxe7 30. Bh5 Bb2 31. Rc2 Ba3 32. Kf1 Bc5 33. Ng2 Rg7 34. Nh4
Kh7 35. Be2 Ne7 36. Bh5 Ng8 37. Ke1 Bb4+ 38. Kf1 Bc5  1/2-1/2

[Event "NOE Landesliga 2019/20"]
[Site "verschiedene"]
[Date "2020.02.23"]
[Round "7"]
[Board "3"]
[White "Batyte, Daiva"]
[Black "Wadsack, Wolfgang"]
[Result "1/2-1/2"]
[WhiteElo "2167"]
[BlackElo "2137"]
[PlyCount "44"]
[EventDate "2019.09.22"]
[EventType "team"]
[EventRounds "9"]
[EventCountry "AUT"]
[WhiteTeam "SV Stockerau"]
[BlackTeam "SV Amstetten"]

1. c4 Nf6 2. Nf3 c6 3. g3 d5 4. b3 g6 5. Bb2 Bg7 6. Bg2 Qb6 7. Bd4 c5 8. Bc3 d4
9. Bb2 Nc6 10. d3 O-O 11. O-O a5 12. a4 Re8 13. Na3 Nb4 14. Nb5 Bd7 15. Ba3 e5
16. Bxb4 axb4 17. Nd2 Bc6 18. Ne4 Nxe4 19. dxe4 Qd8 20. Qd3 Qd7 21. Rad1 Rad8
22. Na7 b6  1/2-1/2

[Event "NOE Landesliga 2019/20"]
[Site "verschiedene"]
[Date "2020.02.23"]
[Round "7"]
[Board "4"]
[White "Rechberger, Franz"]
[Black "Khachatouri, Saro"]
[Result "1-0"]
[WhiteElo "2108"]
[BlackElo "2005"]
[PlyCount "83"]
[EventDate "2019.09.22"]
[EventType "team"]
[EventRounds "9"]
[EventCountry "AUT"]
[WhiteTeam "SV Amstetten"]
[BlackTeam "SV Stockerau"]

1. e4 d6 2. d4 Nf6 3. Nc3 e5 4. Nf3 Nbd7 5. Bc4 Be7 6. a4 O-O 7. O-O a6 8. a5
exd4 9. Nxd4 Re8 10. Re1 Ne5 11. Ba2 c5 12. Nf5 Bxf5 13. exf5 Nc6 14. Nd5 Nxa5
15. Bf4 Nc6 16. Nxe7+ Rxe7 17. Qxd6 Qxd6 18. Bxd6 Rxe1+ 19. Rxe1 b6 20. c3 Re8
21. Rxe8+ Nxe8 22. Bf4 Kf8 23. g4 Ke7 24. Bd5 Nd8 25. h3 f6 26. Be3 Nf7 27. b4
cxb4 28. cxb4 b5 29. Bc5+ Nfd6 30. Bc6 Kd8 31. f4 Kc7 32. Bd5 Nc4 33. Bf8 Kb6
34. Kf2 a5 35. bxa5+ Kxa5 36. Ke2 Ncd6 37. Kd3 Kb6 38. Kd4 Kc7 39. Kc5 Kd7 40.
Bc6+ Kc7 41. Kd5 b4 42. Ba4  1-0

[Event "NOE Landesliga 2019/20"]
[Site "verschiedene"]
[Date "2020.03.08"]
[Round "8"]
[Board "1"]
[White "Sandhoefner, Florian"]
[Black "Bures, Jaroslav"]
[Result "0-1"]
[WhiteElo "2321"]
[BlackElo "2389"]
[PlyCount "110"]
[EventDate "2019.09.22"]
[EventType "team"]
[EventRounds "9"]
[EventCountry "AUT"]
[WhiteTeam "SV Amstetten"]
[BlackTeam "SGM Mistelbach/Altlichtenwarth"]

1. e4 c6 2. d4 d5 3. exd5 cxd5 4. Bd3 Nc6 5. c3 Qc7 6. h3 Nf6 7. Nf3 g6 8. O-O
Bf5 9. Bxf5 gxf5 10. Re1 e6 11. Ne5 Nxe5 12. dxe5 Ne4 13. Be3 Bc5 14. Bxc5 Qxc5
15. Qd4 Rc8 16. f3 Qxd4+ 17. cxd4 Ng3 18. Nc3 f4 19. Rac1 O-O 20. Kf2 Kg7 21.
Ne2 Nxe2 22. Kxe2 Kg6 23. b3 Kg5 24. Kf1 Kh4 25. Red1 Kg3 26. Re1 a5 27. a4 Rc6
28. Rxc6 bxc6 29. Rc1 Rb8 30. Rc3 Rb6 31. Kg1 h6 32. Kf1 Rb4 33. Rd3 Kh4 34.
Kf2 h5 35. Ke2 Kg5 36. Kf2 h4 37. Ke2 Kf5 38. Ke1 c5 39. dxc5 Kxe5 40. Rc3 Rb8
41. Kd2 d4 42. Rc4 Kd5 43. c6 e5 44. c7 Rc8 45. Kd3 f5 46. Kd2 Kd6 47. b4 axb4
48. Rxb4 Rxc7 49. a5 Kc5 50. Rb8 Ra7 51. Rf8 Rxa5 52. Rxf5 Kc4 53. Rg5 d3 54.
Rg8 Ra2+ 55. Kd1 Kd4  0-1

[Event "NOE Landesliga 2019/20"]
[Site "verschiedene"]
[Date "2020.03.08"]
[Round "8"]
[Board "2"]
[White "Hofmann, Thomas"]
[Black "Rumpl, Erwin"]
[Result "1-0"]
[WhiteElo "2221"]
[BlackElo "2274"]
[PlyCount "53"]
[EventDate "2019.09.22"]
[EventType "team"]
[EventRounds "9"]
[EventCountry "AUT"]
[WhiteTeam "SGM Mistelbach/Altlichtenwarth"]
[BlackTeam "SV Amstetten"]

1. d4 Nf6 2. c4 e6 3. Nc3 Bb4 4. f3 d5 5. a3 Bxc3+ 6. bxc3 c5 7. cxd5 Nxd5 8.
Qd2 Qa5 9. e4 Nb6 10. Bd3 O-O 11. Ne2 Nc6 12. Rb1 cxd4 13. Rb5 Qa4 14. cxd4 Nc4
15. Bxc4 Qxc4 16. Rc5 Qa6 17. Bb2 Bd7 18. d5 exd5 19. Bxg7 Rfe8 20. Bf6 Ne7 21.
e5 Nf5 22. Qg5+ Kf8 23. g4 h6 24. Qf4 Re6 25. gxf5 Rxf6 26. exf6 Qxf6 27. Qd4
 1-0

[Event "NOE Landesliga 2019/20"]
[Site "verschiedene"]
[Date "2020.03.08"]
[Round "8"]
[Board "1"]
[White "Mostbauer, Maximilian"]
[Black "Plat, Vojtech"]
[Result "0-1"]
[WhiteElo "2209"]
[BlackElo "2573"]
[PlyCount "102"]
[EventDate "2019.09.22"]
[EventType "team"]
[EventRounds "9"]
[EventCountry "AUT"]
[WhiteTeam "KSV Boehlerwerk"]
[BlackTeam "SK Zwettl"]

1. d4 d6 2. Nf3 f5 3. g3 g6 4. Bg2 Nf6 5. b3 Bg7 6. Bb2 Ne4 7. Nbd2 O-O 8. O-O
c5 9. e3 Nc6 10. c4 Qa5 11. Qc2 Nxd2 12. Qxd2 Qxd2 13. Nxd2 cxd4 14. Bxc6 bxc6
15. Bxd4 e5 16. Bb2 a5 17. Rfd1 Ra6 18. f4 Re8 19. c5 exf4 20. Bxg7 Kxg7 21.
Nc4 dxc5 22. Nd6 Rf8 23. Nxc8 Rxc8 24. Rd7+ Kh6 25. gxf4 Re8 26. Kf2 a4 27.
Rad1 axb3 28. axb3 Ra2+ 29. Kf3 Rxh2 30. Kg3 Rh5 31. R1d3 Rh1 32. Rc7 Re1 33.
Kf3 Re6 34. Kf2 Rb1 35. Kf3 g5 36. Rdd7 gxf4 37. Rxh7+ Kg6 38. Rhg7+ Kf6 39.
Rgf7+ Ke5 40. exf4+ Kd4 41. Rcd7+ Kc3 42. Rxf5 Rxb3 43. Re5 Rf6 44. Kg4 c4 45.
Rc7 Rb1 46. f5 Kd4 47. Re6 Rg1+ 48. Kf4 Rf1+ 49. Kg4 Rf8 50. Rg6 Rg1+ 51. Kh5
Rh8+  0-1

[Event "NOE Landesliga 2019/20"]
[Site "verschiedene"]
[Date "2020.03.08"]
[Round "8"]
[Board "2"]
[White "Blatny, Pavel"]
[Black "Mostbauer, Florian"]
[Result "0-1"]
[WhiteElo "2325"]
[BlackElo "2338"]
[PlyCount "92"]
[EventDate "2019.09.22"]
[EventType "team"]
[EventRounds "9"]
[EventCountry "AUT"]
[WhiteTeam "SK Zwettl"]
[BlackTeam "KSV Boehlerwerk"]

1. b3 d5 2. Bb2 Bf5 3. d3 e6 4. Nd2 Nf6 5. g3 Be7 6. Bg2 h6 7. e4 Bh7 8. Qe2
O-O 9. e5 Nfd7 10. Nh3 a5 11. a3 c5 12. O-O Nc6 13. f4 a4 14. g4 axb3 15. cxb3
Qb6 16. Kh1 Rfe8 17. f5 Ncxe5 18. Bxe5 Nxe5 19. Qxe5 Bf6 20. Qg3 Bxa1 21. Rxa1
exf5 22. Bxd5 Rad8 23. Qg2 Qd6 24. Bc4 fxg4 25. Rg1 Bxd3 26. Nf2 Bxc4 27. Nxc4
Qd5 28. Qxd5 Rxd5 29. Nxg4 Kf8 30. Nge3 Rd3 31. Nf5 Re2 32. Ng3 Re6 33. Nh5 b5
34. Nxg7 Rg6 35. Rxg6 fxg6 36. Ne6+ Ke7 37. Nxc5 bxc4 38. bxc4 Rc3 39. Kg2 Rxc4
40. Nd3 Ra4 41. Nf2 Kf6 42. h3 Rxa3 43. Ng4+ Kg5 44. Ne5 Kf5 45. Nf7 h5 46. h4
Ra7  0-1

[Event "NOE Landesliga 2019/20"]
[Site "verschiedene"]
[Date "2020.03.08"]
[Round "8"]
[Board "3"]
[White "Hellmayr, Alois"]
[Black "Novosadova, Kristyna"]
[Result "1-0"]
[WhiteElo "2258"]
[BlackElo "2177"]
[PlyCount "105"]
[EventDate "2019.09.22"]
[EventType "team"]
[EventRounds "9"]
[EventCountry "AUT"]
[WhiteTeam "KSV Boehlerwerk"]
[BlackTeam "SK Zwettl"]

1. Nf3 d5 2. g3 Nf6 3. Bg2 g6 4. d4 Bg7 5. O-O O-O 6. c3 b6 7. a4 c5 8. a5 Bb7
9. axb6 axb6 10. Rxa8 Bxa8 11. Qa4 Bc6 12. Qa3 Nbd7 13. Bf4 Nh5 14. Be3 Qc7 15.
b4 Ra8 16. Qb2 c4 17. b5 Bb7 18. Na3 f6 19. Ra1 e5 20. dxe5 fxe5 21. Nc2 Rxa1+
22. Qxa1 Bf8 23. Qa7 Ng7 24. Nd2 Ne6 25. Nxc4 e4 26. Nxb6 Bc5 27. Bxc5 Ndxc5
28. h4 Qe5 29. Bh3 Nd8 30. Nd4 e3 31. f4 Qd6 32. Bg2 h6 33. Na4 Nxa4 34. Qxa4
g5 35. hxg5 hxg5 36. Qb4 Qf6 37. Nf3 gxf4 38. Qxf4 Qxf4 39. gxf4 Ne6 40. f5 Nf4
41. Nd4 Kf7 42. c4 Kf6 43. c5 Ke5 44. c6 Ba8 45. b6 Nxe2+ 46. Nxe2 Bxc6 47. Kf1
Bb7 48. Nd4 Kxd4 49. f6 Kc5 50. Ke1 d4 51. Bxb7 d3 52. Be4 d2+ 53. Kd1  1-0

[Event "NOE Landesliga 2019/20"]
[Site "verschiedene"]
[Date "2020.03.08"]
[Round "8"]
[Board "1"]
[White "Froewis, Georg"]
[Black "Morgunov, Marc"]
[Result "1/2-1/2"]
[WhiteElo "2429"]
[BlackElo "2345"]
[PlyCount "122"]
[EventDate "2019.09.22"]
[EventType "team"]
[EventRounds "9"]
[EventCountry "AUT"]
[WhiteTeam "SGM Voest Krems"]
[BlackTeam "ASK Kottingbrunn"]

1. Nf3 Nf6 2. c4 g6 3. Nc3 Bg7 4. e4 e5 5. Nxe5 O-O 6. Nf3 Re8 7. d3 d5 8. cxd5
Nxd5 9. Nxd5 Qxd5 10. Be2 Qd6 11. h3 c5 12. Qc2 Nc6 13. Be3 Nb4 14. Qd2 c4 15.
d4 Rxe4 16. Bxc4 Bf5 17. O-O Nc2 18. Qxc2 Rxe3 19. Qd1 Re7 20. Qb3 b5 21. Qxb5
Rb8 22. Qa5 Rxb2 23. Rae1 Rxe1 24. Qxe1 Qc6 25. Bb3 Be4 26. Ng5 Bd5 27. Qe7 Bf8
28. Qxa7 h6 29. Bxd5 Qxd5 30. Nf3 Rxa2 31. Qb8 Ra8 32. Qe5 Qxe5 33. dxe5 Bg7
34. Re1 Re8 35. g4 Re6 36. Kg2 f6 37. exf6 Rxf6 38. Re8+ Kf7 39. Ra8 Rc6 40.
Ra7+ Kg8 41. Rd7 Bf6 42. Nd2 Re6 43. Kf3 Be7 44. Ne4 Kf7 45. Rb7 Ra6 46. Kg2
Rc6 47. f4 Ra6 48. f5 gxf5 49. gxf5 Ra2+ 50. Kf3 Ra3+ 51. Kg2 Ra2+ 52. Kf1 Ra4
53. Ng3 Kf8 54. Rb3 Rf4+ 55. Kg2 Bh4 56. Rf3 Bxg3 57. Kxg3 Ra4 58. Rf4 Ra3+ 59.
Kg4 Kf7 60. Rb4 h5+ 61. Kg5 Rg3+  1/2-1/2

[Event "NOE Landesliga 2019/20"]
[Site "verschiedene"]
[Date "2020.03.08"]
[Round "8"]
[Board "2"]
[White "Schroll, Gerhard"]
[Black "Enoeckl, Philipp"]
[Result "1/2-1/2"]
[WhiteElo "2317"]
[BlackElo "2275"]
[PlyCount "59"]
[EventDate "2019.09.22"]
[EventType "team"]
[EventRounds "9"]
[EventCountry "AUT"]
[WhiteTeam "ASK Kottingbrunn"]
[BlackTeam "SGM Voest Krems"]

1. e4 e6 2. Nf3 d5 3. Nc3 Nf6 4. e5 Nfd7 5. d4 c5 6. Ne2 b6 7. c3 Ba6 8. Nf4
Bxf1 9. Kxf1 cxd4 10. cxd4 Qc8 11. g3 Qa6+ 12. Kg2 Nc6 13. h4 h6 14. Be3 O-O-O
15. Qd3 Qxd3 16. Nxd3 Kb7 17. g4 Nb4 18. Nxb4 Bxb4 19. h5 Be7 20. Rac1 Rc8 21.
Rxc8 Kxc8 22. Ne1 Nb8 23. f4 Kd7 24. Nd3 Nc6 25. f5 Bg5 26. fxe6+ fxe6 27. Kf2
Rf8+ 28. Ke2 Bxe3 29. Kxe3 a5 30. Rd1  1/2-1/2

[Event "NOE Landesliga 2019/20"]
[Site "verschiedene"]
[Date "2020.03.08"]
[Round "8"]
[Board "3"]
[White "Scheffknecht, Philipp"]
[Black "Wirius, Johannes"]
[Result "1/2-1/2"]
[WhiteElo "2107"]
[BlackElo "2147"]
[PlyCount "63"]
[EventDate "2019.09.22"]
[EventType "team"]
[EventRounds "9"]
[EventCountry "AUT"]
[WhiteTeam "SGM Voest Krems"]
[BlackTeam "ASK Kottingbrunn"]

1. Nf3 c5 2. c4 g6 3. Nc3 Bg7 4. d4 cxd4 5. Nxd4 Nc6 6. Nxc6 bxc6 7. e4 Qa5 8.
Qc2 Nf6 9. Bd2 Qb6 10. Be2 d6 11. Be3 Qc7 12. O-O O-O 13. Rac1 Rb8 14. b3 Ng4
15. Bxg4 Bxg4 16. c5 Qa5 17. cxd6 exd6 18. f3 Be6 19. Rfd1 Rfd8 20. Ne2 c5 21.
Nf4 Bh6 22. Kh1 Bg7 23. Nd5 Rd7 24. Qf2 Qd8 25. Nf4 Rb6 26. Qd2 Rbb7 27. Rc2
Be5 28. Nxe6 fxe6 29. f4 Bg7 30. Qf2 Rb4 31. Rc4 d5 32. exd5  1/2-1/2

[Event "NOE Landesliga 2019/20"]
[Site "verschiedene"]
[Date "2020.03.08"]
[Round "8"]
[Board "4"]
[White "Lampl, Gerald"]
[Black "Kleiser, Gregor"]
[Result "0-1"]
[WhiteElo "2084"]
[BlackElo "2152"]
[PlyCount "73"]
[EventDate "2019.09.22"]
[EventType "team"]
[EventRounds "9"]
[EventCountry "AUT"]
[WhiteTeam "ASK Kottingbrunn"]
[BlackTeam "SGM Voest Krems"]

{[#]} 1. d4 Nf6 2. c4 g6 3. Nf3 Bg7 4. g3 O-O 5. Bg2 d5 6. cxd5 Nxd5 7. O-O c5
8. Nc3 Nc6 9. Nxd5 Qxd5 10. Ne5 Qxd4 11. Nxc6 bxc6 12. Be3 Qxb2 13. Rb1 Qxa2
14. Bxc6 Bh3 15. Bd5 Qa5 16. Bxa8 Bxf1 17. Bc6 Bh3 18. Rb5 Rd8 19. Qc1 Qa4 20.
Rb8 Qa5 21. Rxd8+ Qxd8 22. Bxc5 Qc7 23. Be3 a5 24. Qc5 h5 25. Bb5 Qd8 26. Ba4
Bf6 27. f3 Be6 28. Kg2 Kg7 29. h4 Bb2 30. Kf2 f6 31. Kg2 Bf7 32. Kf2 e5 33. Kg2
Kg8 34. Qb6 Qxb6 35. Bxb6 Bc3 36. e3 Be1 37. Bd7  0-1